Introduction to Extension Education (Record no. 19403)
[ view plain ]
| 000 -LEADER | |
|---|---|
| fixed length control field | 00333nam a22001337a 4500 |
| 003 - CONTROL NUMBER IDENTIFIER | |
| control field | OSt |
| 008 - FIXED-LENGTH DATA ELEMENTS--GENERAL INFORMATION | |
| fixed length control field | 250218b |||||||| |||| 00| 0 eng d |
| 041 ## - LANGUAGE CODE | |
| Language code of text/sound track or separate title | eng |
| 100 ## - MAIN ENTRY--AUTHOR NAME | |
| Personal name | Supe, SV |
| 245 ## - TITLE STATEMENT | |
| Title | Introduction to Extension Education |
| 250 ## - EDITION STATEMENT | |
| Edition statement | 2nd |
| 260 ## - PUBLICATION, DISTRIBUTION, ETC. (IMPRINT) | |
| Place of publication | New Delhi: |
| Name of publisher | Oxford & IBH Publishing Co Ltd, |
| Year of publication | 1998. |
| 942 ## - ADDED ENTRY ELEMENTS (KOHA) | |
| Koha item type | Books |
| Withdrawn status | Lost status | Damaged status | Home library | Current library | Date acquired | Source of acquisition | Cost, normal purchase price | Accession Number | Koha item type | Public note |
|---|---|---|---|---|---|---|---|---|---|---|
| Withdrawn | KAUAET | KAUAET | 18/02/2025 | Current Books, Thrissur | 69.00 | 20054 | Books | Withdrawn as per order no A3-1008/2003 dated 25/04/2003 |
